[Event "Kostroma Volga Cup op"]
[Site "Kostroma"]
[Date "2010.07.??"]
[Round "1"]
[White "Sokolov, Igor"]
[Black "Egorova, Ayyna"]
[Result "1/2-1/2"]
[WhiteElo "2224"]
[BlackElo "1836"]
[PlyCount "67"]
[EventDate "2010.07.??"]
[EventType "swiss"]
[EventRounds "9"]
[EventCountry "RUS"]
[SourceTitle "EXT 2011"]
[Source "ChessBase"]
[SourceDate "2010.11.26"]
[SourceVersion "1"]
[SourceVersionDate "2010.11.26"]
[SourceQuality "1"]

1. d4 Nf6 2. c4 c5 3. d5 b5 4. a4 bxc4 5. Nc3 d6 6. e4 g6 7. Bxc4 Bg7 8. f4 0-0 9. Nf3 Bg4 10. 0-0 Nh5 11. h3 Bd4+ 12. Kh2 Bxf3 13. Qxf3 Bg7 14. g4 Nf6 15. Bd2 Qb6 16. b3 Na6 17. a5 Qb7 18. Qe2 Nb4 19. a6 Qc8 20. Rac1 Nd7 21. Na4 Rb8 22. Bb5 Qd8 23. Bxb4 cxb4 24. Bxd7 Qxd7 25. Rc6 e6 26. Qc4 exd5 27. Qxd5 Rfd8 28. Rfc1 Rbc8 29. R1c4 Rxc6 30. Rxc6 Qe7 31. Rc4 Qf6 32. Kg3 Qa1 33. Rc7 Qg1+ 34. Kf3 1/2-1/2

[Event "Kostroma Volga Cup op"]
[Site "Kostroma"]
[Date "2010.07.??"]
[Round "7"]
[White "Sokolov, Igor"]
[Black "Konovalov, Viatcheslav"]
[Result "1/2-1/2"]
[WhiteElo "2224"]
[BlackElo "2063"]
[PlyCount "96"]
[EventDate "2010.07.??"]
[EventType "swiss"]
[EventRounds "9"]
[EventCountry "RUS"]
[SourceTitle "EXT 2011"]
[Source "ChessBase"]
[SourceDate "2010.11.26"]
[SourceVersion "1"]
[SourceVersionDate "2010.11.26"]
[SourceQuality "1"]

1. d4 d5 2. Nf3 c6 3. c4 e6 4. Nc3 dxc4 5. a4 Bb4 6. e3 b5 7. Bd2 Bb7 8. axb5 Bxc3 9. Bxc3 cxb5 10. b3 a5 11. bxc4 b4 12. Bb2 Nf6 13. Bd3 Nbd7 14. 0-0 0-0 15. Re1 Ne4 16. Qc2 f5 17. Nd2 Ndf6 18. f3 Nxd2 19. Qxd2 Qc7 20. Re2 Ba6 21. c5 Bxd3 22. Qxd3 a4 23. Qc4 Nd5 24. Bc1 Qf7 25. Rb2 Rfb8 26. Bd2 e5 27. e4 fxe4 28. fxe4 Nc3 29. d5 a3 30. Rxb4 Rxb4 31. Qxb4 Rf8 32. Qc4 Qf2+ 33. Kh1 Qxd2 34. d6+ Kh8 35. Rf1 Rb8 36. c6 Nxe4 37. c7 Rc8 38. Qa6 Ng3+ 39. hxg3 Qh6+ 40. Kg1 Qe3+ 41. Rf2 Rf8 42. Qe2 Qc1+ 43. Qf1 Qe3 44. d7 Rxf2 45. Qxf2 Qc1+ 46. Kh2 Qh6+ 47. Kg1 Qc1+ 48. Qf1 Qe3+ 1/2-1/2